000 00765nam a2200205Ia 4500
999 _c9197
_d9197
005 20230908100730.0
008 230906s9999 xx 000 0 und d
020 _a9788473566209
040 _aUPAN
_cBiblioteca San Vicente
_eRCAA2
041 _aspa
082 _a658.82
_bP356m
_c2011
100 _aPalomares Borja, Ricardo
_4aut.
245 0 _aMerchandising: teoría, Practica y estrategia/
_bRicardo Palomares Borja
250 _a2° ed.
260 _aMadrid:
_bESIC,
_c2011
300 _a355 p.;
_c24 cm.
505 _aCapitulo 1. Introducción al merchandising Capitulo 2. Gestión del surtido Capitulo 3. La arquitectura del establecimiento comercial Capitulo 4. Gestión estratégica del punto de venta
650 _2LEMB
_xMercadeo
942 _cBK
_2ddc